Top 15 des pays avec les décès de Covid-19 - 15 décembre 2021 - Statistiques

Statistiques générales
  • Ce quiz a été pris 46 fois
  • Le résultat moyen est 12 sur 27
Statistiques - réponses
pays % Correct
France
98%
Etats-Unis
90%
Allemagne
85%
Italie
83%
Royaume-Uni
83%
Russie
83%
Inde
78%
Brésil
76%
Mexique
73%
Argentine
59%
Colombie
59%
Pérou
56%
Indonésie
41%
Iran
39%
Ukraine
29%
Roumanie
22%
Bulgarie
17%
Hongrie
15%
Slovaquie
15%
Tchèquie
15%
Croatie
12%
Slovénie
12%
Lituanie
7%
Macédoine du Nord
5%
Arménie
2%
Bosnie-Herzégovine
2%
Géorgie
2%
Aucun quiz correspondant
Distribution des résultats
% des personnes avec chaque résultat
Percentile par nombre de réponses
Votre historique - résultats
Vous n’avez pas pris ce quiz